00245nam a2200109Ia 4500008004100000100001900041245002200060260000900082650002000091942000700111999001700118190216s9999||||xx |||||||||||||| ||und|| aRakashi Nagayi 0aAa Bomb Veenappol bNull aMalayalam Novel cBK c23899d23899